000 01208nam a22002537a 4500
005 20170124103146.0
010 _aB-040745
020 _c375.00
_a8171322573
035 _aB-040745
037 _bCen Lib/Ret
040 _aDPL
_bHN
082 _a363.7
_bगुर्जर
100 _aगुर्जर, राम कुमार
_946872
245 _aपर्यावरणीय समस्याएँ /
_cराम कुमार गुर्जर
246 _aParyavarneey samasyaen /
_bby Ram Kumar Gurjar
260 _aजयपुर
_bआविष्कार पब्लिशर्स
_c2000
270 _a807, व्यास बिल्डिंग, चौड़ा रास्ता
_bजयपुर
_e302 003
300 _ax,182पृ.
_c21सेमी(सजिल्द)
650 _aजनसंख्या -- पर्यावरण पर बढ़ता दबाव
_986166
650 _aपर्यावरणीय प्रदूषण -- वन
_986167
650 _aPopulation - increased pressure on the environment
_986168
650 _aEnvironmental pollution - Forest
_986169
942 _2ddc
_cHN
_h363.7
_mगुर्जर
999 _c119674
_d119674